[Event "La Pobla de Lillet op 2006"]
[Site "La Pobla de Lillet ESP"]
[Date "2006.08.04"]
[Round "3.4"]
[White "Susterman, Anna"]
[Black "Parligras, Mircea"]
[Result "1/2-1/2"]
[WhiteElo "2262"]
[BlackElo "2510"]
[PlyCount "94"]
[EventDate "2006.08.02"]
[EventType "swiss"]
[EventRounds "9"]
[EventCountry "ESP"]
[SourceTitle "Ajedrez en Madri"]
[Source "lmi"]
[SourceDate "2020.06.30"]
[SourceVersion "1"]
[SourceVersionDate "2020.06.30"]
[SourceQuality "1"]

1. e4 g6 2. d4 Bg7 3. Nc3 d6 4. Nf3 a6 5. a4 Nf6 6. h3 O-O 7. Be3 e6 8. Bd3 b6
9. O-O Bb7 10. Re1 Nbd7 11. Qd2 c5 12. Bh6 cxd4 13. Nxd4 Rc8 14. Rad1 Nc5 15.
Bxg7 Kxg7 16. Nf3 Qc7 17. Qe3 Rfd8 18. Nh2 Qc6 19. Ng4 Ng8 20. Bf1 h5 21. Nh2
Nf6 22. Bd3 d5 23. e5 Nfe4 24. Bxe4 Nxe4 25. Nxe4 dxe4 26. Qg5 Rxd1 27. Rxd1 e3
28. fxe3 Qxa4 29. Qf6+ Kg8 30. Rd8+ Rxd8 31. Qxd8+ Kg7 32. Qf6+ Kf8 33. Qd8+
Qe8 34. Qxb6 Qa8 35. Qb4+ Kg7 36. Qd2 Be4 37. Nf1 h4 38. Qf2 Qd8 39. c3 Qg5 40.
Nd2 Bd5 41. e4 Bc6 42. Nf3 Qc1+ 43. Kh2 Qf4+ 44. Kg1 Qc1+ 45. Kh2 Qf4+ 46. Kg1
Qc1+ 47. Kh2 Qf4+ 1/2-1/2

[Event "La Pobla de Lillet op 2006"]
[Site "La Pobla de Lillet ESP"]
[Date "2006.08.04"]
[Round "3.5"]
[White "Garcia Paolicchi, Raul"]
[Black "Velicka, Petr"]
[Result "0-1"]
[WhiteElo "2228"]
[BlackElo "2475"]
[PlyCount "122"]
[EventDate "2006.08.02"]
[EventType "swiss"]
[EventRounds "9"]
[EventCountry "ESP"]
[SourceTitle "Ajedrez en Madri"]
[Source "lmi"]
[SourceDate "2020.06.30"]
[SourceVersion "1"]
[SourceVersionDate "2020.06.30"]
[SourceQuality "1"]

1. d4 Nf6 2. Nf3 c5 3. d5 e6 4. c4 d6 5. Nc3 exd5 6. cxd5 g6 7. Bf4 a6 8. a4
Bg7 9. h3 Qe7 10. Nd2 O-O 11. Nc4 Rd8 12. e3 Ne8 13. Be2 Nd7 14. O-O Ne5 15.
Nb6 Rb8 16. a5 Nc7 17. Ra3 Bd7 18. Rb3 Rf8 19. Bg3 f5 20. Re1 Be8 21. Bf1 Qd8
22. Kh1 h6 23. f4 Nd7 24. e4 Nxb6 25. axb6 Na8 26. Qa1 c4 27. Bxc4 Nxb6 28. Bd3
Nd7 29. Ra3 Nc5 30. Qd1 fxe4 31. Bxe4 Nxe4 32. Rxe4 Bd7 33. Qd2 Bf5 34. Re2 Re8
35. Rxe8+ Qxe8 36. Ra1 Qd7 37. Re1 Re8 38. Rxe8+ Qxe8 39. Bf2 h5 40. Bd4 Bh6
41. Qf2 Qe7 42. Be3 Bd3 43. Qd2 Bf5 44. Qf2 b5 45. Qd2 h4 46. Kh2 b4 47. Ne2
Qe4 48. Nd4 Bg7 49. Nxf5 gxf5 50. b3 a5 51. Qf2 Bf6 52. g3 Qxd5 53. gxh4 Qxb3
54. Qg2+ Kh7 55. Qb7+ Kh6 56. Qb6 Qd3 57. Bf2 b3 58. Qc6 b2 59. Qe8 Qe4 60.
Qf8+ Bg7 61. Qxd6+ Kh7 0-1

[Event "La Pobla de Lillet op 2006"]
[Site "La Pobla de Lillet ESP"]
[Date "2006.08.04"]
[Round "3.6"]
[White "Pogorelov, Ruslan"]
[Black "Gardela Batlle, Jordi"]
[Result "1-0"]
[WhiteElo "2395"]
[BlackElo "2230"]
[PlyCount "45"]
[EventDate "2006.08.02"]
[EventType "swiss"]
[EventRounds "9"]
[EventCountry "ESP"]
[SourceTitle "Ajedrez en Madri"]
[Source "lmi"]
[SourceDate "2020.06.30"]
[SourceVersion "1"]
[SourceVersionDate "2020.06.30"]
[SourceQuality "1"]

1. Nf3 d5 2. d4 c6 3. c4 e6 4. Nc3 Nf6 5. e3 Nbd7 6. Qc2 Bd6 7. Bd3 O-O 8. O-O
h6 9. Bd2 Re8 10. h3 a6 11. c5 Bf8 12. e4 dxe4 13. Nxe4 Nxe4 14. Bxe4 e5 15.
Rfe1 Nf6 16. Nxe5 Qxd4 17. Bc3 Qxc5 18. Nd3 Qg5 19. Bxf6 gxf6 20. Bh7+ Kxh7 21.
Rxe8 Bg7 22. Rae1 Qg6 23. Qd2 1-0

[Event "La Pobla de Lillet op 2006"]
[Site "La Pobla de Lillet ESP"]
[Date "2006.08.04"]
[Round "3.7"]
[White "Mellado Triviño, Juan"]
[Black "Fandiño Reyes, Roquelina"]
[Result "1/2-1/2"]
[WhiteElo "2388"]
[BlackElo "2133"]
[PlyCount "75"]
[EventDate "2006.08.02"]
[EventType "swiss"]
[EventRounds "9"]
[EventCountry "ESP"]
[SourceTitle "Ajedrez en Madri"]
[Source "lmi"]
[SourceDate "2020.06.30"]
[SourceVersion "1"]
[SourceVersionDate "2020.06.30"]
[SourceQuality "1"]

1. d4 d5 2. Bg5 c6 3. e3 Nd7 4. Nd2 Ngf6 5. f4 e6 6. Bd3 Be7 7. Ngf3 O-O 8. O-O
h6 9. Bh4 Ng4 10. Bxe7 Qxe7 11. Qe1 f5 12. c3 Ngf6 13. Qh4 Re8 14. Qh3 Nf8 15.
Ne5 Bd7 16. Ndf3 Rec8 17. Qh4 Qe8 18. h3 Rc7 19. g4 Ne4 20. Kh2 Qd8 21. g5 hxg5
22. Nxg5 Nxg5 23. fxg5 Be8 24. Qg3 Ng6 25. Nf3 Re7 26. h4 Qc7 27. Rf2 Qxg3+ 28.
Kxg3 Nf8 29. c4 g6 30. Kf4 Nd7 31. Ne5 Rh7 32. Rh1 Kf8 33. Be2 Ke7 34. Rfh2
Nxe5 35. Kxe5 Bf7 36. b4 Rf8 37. c5 Be8 38. Bd3 1/2-1/2

[Event "La Pobla de Lillet op 2006"]
[Site "La Pobla de Lillet ESP"]
[Date "2006.08.04"]
[Round "3.9"]
[White "Movsziszian, Karen"]
[Black "Fernandez Lopez, Joan"]
[Result "1-0"]
[WhiteElo "2507"]
[BlackElo "2027"]
[PlyCount "93"]
[EventDate "2006.08.02"]
[EventType "swiss"]
[EventRounds "9"]
[EventCountry "ESP"]
[SourceTitle "Ajedrez en Madri"]
[Source "lmi"]
[SourceDate "2020.06.30"]
[SourceVersion "1"]
[SourceVersionDate "2020.06.30"]
[SourceQuality "1"]

1. e4 c5 2. Nc3 Nc6 3. g3 g6 4. Bg2 Bg7 5. d3 e6 6. Be3 d6 7. Qd2 Nd4 8. Nd1
Ne7 9. c3 Ndc6 10. Ne2 b6 11. Bh6 O-O 12. h4 f6 13. Bxg7 Kxg7 14. h5 g5 15. f4
h6 16. Nf2 e5 17. Bh3 Bxh3 18. Rxh3 d5 19. O-O-O d4 20. Rf1 Qd7 21. Rh2 Ng8 22.
Kb1 Rad8 23. Qc2 Qe6 24. Rd1 Rd7 25. c4 Rb7 26. Rc1 Rfb8 27. fxg5 fxg5 28. g4
b5 29. b3 Na5 30. Rh3 bxc4 31. dxc4 Rb4 32. Ka1 Qa6 33. Rb1 Nxc4 34. Nd3 R4b6
35. Nxc5 Qb5 36. Nd3 R8b7 37. Rc1 Ne3 38. Qd2 Rc6 39. Rxc6 Qxc6 40. Nxe5 Qxe4
41. Nf3 Nc2+ 42. Kb2 d3 43. Ng3 Qxg4 44. Qxd3 Qxh3 45. Nf5+ Kf8 46. Qd8+ Kf7
47. Nxh6+ 1-0

[Event "La Pobla de Lillet op 2006"]
[Site "La Pobla de Lillet ESP"]
[Date "2006.08.04"]
[Round "3.16"]
[White "Moya Arau, Carles"]
[Black "Garcia Galeote, Lorenzo"]
[Result "0-1"]
[WhiteElo "1875"]
[BlackElo "2144"]
[PlyCount "76"]
[EventDate "2006.08.02"]
[EventType "swiss"]
[EventRounds "9"]
[EventCountry "ESP"]
[SourceTitle "Ajedrez en Madri"]
[Source "lmi"]
[SourceDate "2020.06.30"]
[SourceVersion "1"]
[SourceVersionDate "2020.06.30"]
[SourceQuality "1"]

1. e4 Nc6 2. Nf3 d6 3. d4 Nf6 4. Nc3 g6 5. Be3 Bg7 6. Qd2 O-O 7. h3 a6 8. Bd3
e5 9. d5 Ne7 10. Ne2 Nexd5 11. exd5 e4 12. Bxe4 Nxe4 13. Qb4 Re8 14. O-O c5 15.
dxc6 bxc6 16. c3 a5 17. Qa4 c5 18. Rad1 Bd7 19. Qc2 Bf5 20. Qc1 Qf6 21. Ng5
Nxg5 22. Bxg5 Qe6 23. Nf4 Qxa2 24. Nd5 Re2 25. Rd2 Rxd2 26. Qxd2 Be6 27. Nf6+
Kh8 28. Qf4 Qc4 29. Qxd6 h6 30. h4 hxg5 31. hxg5 Qh4 32. f3 Bxf6 33. gxf6 Qxf6
34. Qh2+ Kg7 35. Kf2 Rh8 36. Qc7 Rh5 37. Qxa5 Qh4+ 38. Ke2 Bc4+ 0-1

[Event "La Pobla de Lillet op 2006"]
[Site "La Pobla de Lillet ESP"]
[Date "2006.08.05"]
[Round "4.1"]
[White "Velicka, Petr"]
[Black "Felgaer Ziegler, Ruben"]
[Result "1/2-1/2"]
[WhiteElo "2475"]
[BlackElo "2581"]
[PlyCount "113"]
[EventDate "2006.08.02"]
[EventType "swiss"]
[EventRounds "9"]
[EventCountry "ESP"]
[SourceTitle "Ajedrez en Madri"]
[Source "lmi"]
[SourceDate "2020.06.30"]
[SourceVersion "1"]
[SourceVersionDate "2020.06.30"]
[SourceQuality "1"]

1. e4 c5 2. Nf3 e6 3. d4 cxd4 4. Nxd4 a6 5. c4 Nf6 6. Nc3 Bb4 7. Bd3 Bxc3+ 8.
bxc3 d6 9. O-O e5 10. Nc2 Nbd7 11. Nb4 Nc5 12. Re1 Be6 13. a4 Rc8 14. Nd5 Bxd5
15. cxd5 Qa5 16. Re3 O-O 17. Bc2 b5 18. Bd2 bxa4 19. Bxa4 Ncxe4 20. Bd7 Qxd5
21. Bxc8 Rxc8 22. Be1 Qb7 23. Qd3 Qb5 24. Qxb5 axb5 25. Rb1 Nc5 26. Rxb5 Nd5
27. Re2 f5 28. Ra2 Kf7 29. c4 Nf4 30. Bb4 Nfd3 31. Bxc5 Nxc5 32. Ra7+ Kf6 33.
Rb6 Rd8 34. h4 h5 35. Rc6 Ne6 36. Rca6 e4 37. Ra8 Rd7 38. R6a7 Rxa7 39. Rxa7
Ke5 40. Rd7 g6 41. Kf1 Nc5 42. Rg7 Kf6 43. Rg8 Nd7 44. Rc8 f4 45. Re8 Kf5 46.
Re7 Ne5 47. Rc7 f3 48. c5 dxc5 49. Rxc5 fxg2+ 50. Kxg2 Kf4 51. Rc1 Nf3 52. Kh3
Nd4 53. Rc3 Nf3 54. Rc6 Ng1+ 55. Kg2 Nf3 56. Kh3 Ng1+ 57. Kg2 1/2-1/2

[Event "La Pobla de Lillet op 2006"]
[Site "La Pobla de Lillet ESP"]
[Date "2006.08.05"]
[Round "4.2"]
[White "Alonso Moyano, Jonathan"]
[Black "Mirzoev, Azer"]
[Result "0-1"]
[WhiteElo "2372"]
[BlackElo "2523"]
[PlyCount "92"]
[EventDate "2006.08.02"]
[EventType "swiss"]
[EventRounds "9"]
[EventCountry "ESP"]
[SourceTitle "Ajedrez en Madri"]
[Source "lmi"]
[SourceDate "2020.06.30"]
[SourceVersion "1"]
[SourceVersionDate "2020.06.30"]
[SourceQuality "1"]

1. e4 c6 2. d4 d5 3. e5 Bf5 4. Nf3 e6 5. Be2 Nd7 6. O-O h6 7. b3 Ne7 8. c4 Bh7
9. Na3 Ng6 10. Nc2 Be7 11. Be3 O-O 12. Bd3 Re8 13. Qd2 Bf8 14. Rfe1 dxc4 15.
bxc4 c5 16. Rad1 cxd4 17. Ncxd4 Nc5 18. Bb1 a6 19. Qc2 Qc7 20. h4 Be7 21. Ne2
Rad8 22. Nf4 Rxd1 23. Rxd1 Rd8 24. Rxd8+ Qxd8 25. h5 Nf8 26. Qc1 Bxb1 27. Qxb1
Qc7 28. Bxc5 Bxc5 29. Nd3 Be7 30. Qb3 Qc6 31. c5 Qc7 32. Nd2 Bxc5 33. Nxc5 Qxc5
34. Qxb7 Qc2 35. Nf3 Qxa2 36. Qa8 a5 37. Kh2 Qd5 38. Qe8 Qe4 39. Qb5 a4 40. Qa5
Qf4+ 41. Kh3 Qc4 42. Qa8 Qb4 43. g4 a3 44. g5 hxg5 45. Nxg5 Qf4 46. Nf3 a2 0-1

[Event "La Pobla de Lillet op 2006"]
[Site "La Pobla de Lillet ESP"]
[Date "2006.08.05"]
[Round "4.3"]
[White "Parligras, Mircea"]
[Black "Pogorelov, Ruslan"]
[Result "1/2-1/2"]
[WhiteElo "2510"]
[BlackElo "2395"]
[PlyCount "78"]
[EventDate "2006.08.02"]
[EventType "swiss"]
[EventRounds "9"]
[EventCountry "ESP"]
[SourceTitle "Ajedrez en Madri"]
[Source "lmi"]
[SourceDate "2020.06.30"]
[SourceVersion "1"]
[SourceVersionDate "2020.06.30"]
[SourceQuality "1"]

1. e4 e6 2. d4 d5 3. Nd2 dxe4 4. Nxe4 Nd7 5. Nf3 Ngf6 6. Nxf6+ Nxf6 7. c3 c5 8.
Ne5 a6 9. Qa4+ Bd7 10. Nxd7 Qxd7 11. Qxd7+ Kxd7 12. dxc5 Bxc5 13. Bd3 Ke7 14.
Bf4 Rhd8 15. Rd1 h6 16. h3 Rd7 17. Ke2 Rad8 18. Bc2 Nd5 19. Bc1 b5 20. a3 a5
21. Bd3 Bxa3 22. Bxb5 Bxb2 23. Bxb2 Nf4+ 24. Kf3 Rxd1 25. Rxd1 Rxd1 26. Kxf4
Rd2 27. Ba3+ Kd8 28. Ke3 Rc2 29. Bd3 Rxc3 30. Bb2 Rb3 31. Bxg7 a4 32. Kd2 a3
33. Bc4 Rb4 34. Kd3 h5 35. f3 Rb1 36. g4 Rh1 37. h4 Ke7 38. gxh5 Rxh4 39. Bc3
Rxh5 1/2-1/2

[Event "La Pobla de Lillet op 2006"]
[Site "La Pobla de Lillet ESP"]
[Date "2006.08.05"]
[Round "4.4"]
[White "Fandiño Reyes, Roquelina"]
[Black "Cicak, Slavko"]
[Result "0-1"]
[WhiteElo "2133"]
[BlackElo "2532"]
[PlyCount "64"]
[EventDate "2006.08.02"]
[EventType "swiss"]
[EventRounds "9"]
[EventCountry "ESP"]
[SourceTitle "Ajedrez en Madri"]
[Source "lmi"]
[SourceDate "2020.06.30"]
[SourceVersion "1"]
[SourceVersionDate "2020.06.30"]
[SourceQuality "1"]

1. e4 c5 2. c3 a6 3. Nf3 g6 4. Be2 Bg7 5. O-O Nf6 6. e5 Nd5 7. d4 cxd4 8. cxd4
O-O 9. Nc3 Nxc3 10. bxc3 d6 11. Bf4 d5 12. c4 dxc4 13. Bxc4 Bg4 14. Be2 Nc6 15.
Be3 Rc8 16. h3 Be6 17. Qd2 Qa5 18. Qb2 Qb4 19. Rfb1 Qxb2 20. Rxb2 Bd5 21. Rd1
Na5 22. Nd2 Rc3 23. Nb1 Rc7 24. Na3 Rfc8 25. Bd2 Nc6 26. Be3 b5 27. g3 e6 28.
Nb1 Na5 29. Bd2 Nc4 30. Bxc4 Rxc4 31. Rb4 Rc2 32. Nc3 Bf3 0-1

[Event "La Pobla de Lillet op 2006"]
[Site "La Pobla de Lillet ESP"]
[Date "2006.08.05"]
[Round "4.5"]
[White "Garcia Jimenez, Fransisco J"]
[Black "Movsziszian, Karen"]
[Result "0-1"]
[WhiteElo "2270"]
[BlackElo "2507"]
[PlyCount "52"]
[EventDate "2006.08.02"]
[EventType "swiss"]
[EventRounds "9"]
[EventCountry "ESP"]
[SourceTitle "Ajedrez en Madri"]
[Source "lmi"]
[SourceDate "2020.06.30"]
[SourceVersion "1"]
[SourceVersionDate "2020.06.30"]
[SourceQuality "1"]

1. Nc3 g6 2. e4 Bg7 3. g3 d6 4. Bg2 c5 5. d3 Nc6 6. Be3 Rb8 7. a4 a6 8. Nge2
Nd4 9. O-O b5 10. axb5 axb5 11. Bxd4 cxd4 12. Nd5 e6 13. Nb4 Ne7 14. c3 dxc3
15. bxc3 Qb6 16. d4 O-O 17. Kh1 Bb7 18. Qb3 Rfc8 19. f4 h5 20. Rfb1 Ra8 21.
Rxa8 Rxa8 22. Nc2 Bc6 23. Na3 Qb7 24. d5 exd5 25. Nxb5 Qxb5 26. Qxb5 Bxb5 0-1

[Event "La Pobla de Lillet op 2006"]
[Site "La Pobla de Lillet ESP"]
[Date "2006.08.05"]
[Round "4.6"]
[White "Fabre Massana, Miquel"]
[Black "Mellado Triviño, Juan"]
[Result "0-1"]
[WhiteElo "2124"]
[BlackElo "2388"]
[PlyCount "87"]
[EventDate "2006.08.02"]
[EventType "swiss"]
[EventRounds "9"]
[EventCountry "ESP"]
[SourceTitle "Ajedrez en Madri"]
[Source "lmi"]
[SourceDate "2020.06.30"]
[SourceVersion "1"]
[SourceVersionDate "2020.06.30"]
[SourceQuality "1"]

1. e4 d5 2. exd5 Qxd5 3. Nc3 Qd6 4. d4 Nf6 5. Bc4 a6 6. Nge2 b5 7. Bb3 Bb7 8.
Bf4 Qd8 9. O-O e6 10. Re1 c5 11. dxc5 Qxd1 12. Raxd1 Bxc5 13. Ng3 Nbd7 14. Nce4
O-O-O 15. Nd6+ Bxd6 16. Bxd6 Nb6 17. Be5 Rxd1 18. Rxd1 Rd8 19. Rxd8+ Kxd8 20.
Nf1 Ke7 21. Ne3 Nbd7 22. Bd4 Kd6 23. c4 b4 24. f3 g6 25. Nc2 a5 26. c5+ Kc7 27.
a3 e5 28. Bf2 Bd5 29. Ba4 bxa3 30. Nxa3 Bc6 31. Bb3 Nd5 32. Be1 a4 33. Ba5+ Kb7
34. Bxd5 Bxd5 35. Bc3 Kc6 36. Kf2 Kxc5 37. Ke3 f5 38. g3 Bb3 39. f4 e4 40. Bd4+
Kc6 41. Kd2 Nc5 42. Nb1 Nd3 43. Na3 Kd5 44. Be3 0-1

[Event "La Pobla de Lillet op 2006"]
[Site "La Pobla de Lillet ESP"]
[Date "2006.08.05"]
[Round "4.8"]
[White "Wehmeier, Stefan"]
[Black "Capellades Subirana, Marc"]
[Result "1-0"]
[WhiteElo "2394"]
[BlackElo "2065"]
[PlyCount "51"]
[EventDate "2006.08.02"]
[EventType "swiss"]
[EventRounds "9"]
[EventCountry "ESP"]
[SourceTitle "Ajedrez en Madri"]
[Source "lmi"]
[SourceDate "2020.06.30"]
[SourceVersion "1"]
[SourceVersionDate "2020.06.30"]
[SourceQuality "1"]

1. e4 e5 2. Nf3 Nc6 3. Bb5 Bc5 4. O-O d6 5. d4 exd4 6. Nxd4 Bd7 7. Nb3 Bb6 8.
Nc3 Ne5 9. Bxd7+ Qxd7 10. a4 a6 11. Nd5 Ba7 12. Nd4 Ne7 13. Nxe7 Qxe7 14. Nf5
Qf6 15. Ra3 h5 16. Qd5 Rb8 17. Rg3 Ng4 18. h3 Nxf2 19. Be3 Bxe3 20. Nxe3 c6 21.
Qb3 Qe5 22. Kxf2 O-O 23. Nf5 Qxe4 24. Kg1 Qe6 25. Rxg7+ Kh8 26. Qf3 1-0

[Event "La Pobla de Lillet op 2006"]
[Site "La Pobla de Lillet ESP"]
[Date "2006.08.05"]
[Round "4.9"]
[White "Ayza Ballester, Jordi"]
[Black "Ayza Casamitjana, Antoni"]
[Result "1-0"]
[WhiteElo "2263"]
[BlackElo "2002"]
[PlyCount "51"]
[EventDate "2006.08.02"]
[EventType "swiss"]
[EventRounds "9"]
[EventCountry "ESP"]
[SourceTitle "Ajedrez en Madri"]
[Source "lmi"]
[SourceDate "2020.06.30"]
[SourceVersion "1"]
[SourceVersionDate "2020.06.30"]
[SourceQuality "1"]

1. e4 c5 2. Nf3 Nc6 3. d4 cxd4 4. Nxd4 Nf6 5. Nc3 e5 6. Ndb5 d6 7. Nd5 Nxd5 8.
exd5 Ne7 9. c4 a6 10. Qa4 axb5 11. Qxa8 Nf5 12. Be3 Nd4 13. cxb5 Be7 14. Bd3
O-O 15. Qa7 Bf6 16. O-O Qd7 17. Bxd4 exd4 18. Qb6 g6 19. a4 Re8 20. Rfe1 Be5
21. a5 Qg4 22. a6 bxa6 23. bxa6 Qf4 24. g3 Qd2 25. a7 Kg7 26. Red1 1-0

[Event "La Pobla de Lillet op 2006"]
[Site "La Pobla de Lillet ESP"]
[Date "2006.08.05"]
[Round "4.10"]
[White "Gardela Batlle, Jordi"]
[Black "Del Valle Cirera, Adria"]
[Result "1/2-1/2"]
[WhiteElo "2230"]
[BlackElo "1964"]
[PlyCount "68"]
[EventDate "2006.08.02"]
[EventType "swiss"]
[EventRounds "9"]
[EventCountry "ESP"]
[SourceTitle "Ajedrez en Madri"]
[Source "lmi"]
[SourceDate "2020.06.30"]
[SourceVersion "1"]
[SourceVersionDate "2020.06.30"]
[SourceQuality "1"]

1. d4 Nf6 2. Bg5 e6 3. e3 h6 4. Bh4 c5 5. Nd2 Be7 6. c3 b6 7. Bxf6 Bxf6 8. Ne4
Be7 9. dxc5 bxc5 10. Nd6+ Bxd6 11. Qxd6 Qe7 12. O-O-O Qxd6 13. Rxd6 Ke7 14. Rd2
Ba6 15. Nf3 Bxf1 16. Rxf1 Nc6 17. Rfd1 Rhd8 18. e4 d6 19. Ne1 Na5 20. Nc2 Nc4
21. Rd3 Rd7 22. f4 Rad8 23. b3 Nb6 24. c4 a6 25. g4 d5 26. exd5 exd5 27. cxd5
Nxd5 28. Ne3 Nxe3 29. Rxe3+ Kf8 30. Rxd7 Rxd7 31. Re4 Re7 32. Ra4 Re6 33. Kd2
Ke7 34. Kd3 Rb6 1/2-1/2

[Event "La Pobla de Lillet op 2006"]
[Site "La Pobla de Lillet ESP"]
[Date "2006.08.05"]
[Round "4.13"]
[White "Garcia Galeote, Lorenzo"]
[Black "Jane Besora, Rafael"]
[Result "1-0"]
[WhiteElo "2144"]
[BlackElo "1954"]
[PlyCount "115"]
[EventDate "2006.08.02"]
[EventType "swiss"]
[EventRounds "9"]
[EventCountry "ESP"]
[SourceTitle "Ajedrez en Madri"]
[Source "lmi"]
[SourceDate "2020.06.30"]
[SourceVersion "1"]
[SourceVersionDate "2020.06.30"]
[SourceQuality "1"]

1. d4 Nf6 2. c4 c5 3. d5 b5 4. cxb5 a6 5. b6 Qxb6 6. Nc3 g6 7. g3 Bg7 8. Bg2 d6
9. Nf3 O-O 10. O-O Nbd7 11. h3 Ne8 12. Qc2 Nc7 13. e4 a5 14. Na4 Qa7 15. Bd2
Nb5 16. Rad1 Ba6 17. Rfe1 Rfb8 18. b3 Qc7 19. Bc1 Nb6 20. Nxb6 Qxb6 21. Bb2 f6
22. Nd2 Nc7 23. Nc4 Bxc4 24. Qxc4 a4 25. e5 fxe5 26. Bxe5 Bxe5 27. Rxe5 Qb5 28.
Rxe7 Qxc4 29. bxc4 Ne8 30. Rde1 Ng7 31. Rd7 Rd8 32. Ree7 Rxd7 33. Rxd7 Ra6 34.
Rc7 Ne8 35. Rc6 Ra7 36. Rb6 a3 37. Be4 Kf8 38. Bc2 Ke7 39. h4 Nf6 40. f3 Nd7
41. Rb3 Ne5 42. Re3 Kf7 43. Bb3 Rb7 44. Kf2 h6 45. Rc3 g5 46. hxg5 hxg5 47. f4
gxf4 48. gxf4 Ng6 49. Kg3 Ra7 50. Kg4 Ra8 51. Bc2 Ne7 52. Rh3 Rg8+ 53. Kf3 Rb8
54. Rh7+ Kf8 55. Rh8+ Ng8 56. Bh7 Rb2 57. Rxg8+ Kf7 58. Rg2 1-0

[Event "La Pobla de Lillet op 2006"]
[Site "La Pobla de Lillet ESP"]
[Date "2006.08.06"]
[Round "5.1"]
[White "Mirzoev, Azer"]
[Black "Felgaer Ziegler, Ruben"]
[Result "1/2-1/2"]
[WhiteElo "2523"]
[BlackElo "2581"]
[PlyCount "64"]
[EventDate "2006.08.02"]
[EventType "swiss"]
[EventRounds "9"]
[EventCountry "ESP"]
[SourceTitle "Ajedrez en Madri"]
[Source "lmi"]
[SourceDate "2020.06.30"]
[SourceVersion "1"]
[SourceVersionDate "2020.06.30"]
[SourceQuality "1"]

1. d4 d5 2. Nf3 c6 3. c4 Nf6 4. e3 Bg4 5. h3 Bxf3 6. Qxf3 e6 7. Nc3 Nbd7 8. Bd3
Bd6 9. O-O O-O 10. Qe2 Re8 11. Rd1 Qe7 12. e4 dxe4 13. Nxe4 Nxe4 14. Qxe4 g6
15. Bf1 e5 16. dxe5 Bxe5 17. Qc2 Nc5 18. Be3 Ne6 19. Rd2 c5 20. Re1 Qc7 21. Kh1
Nd4 22. Bxd4 Bxd4 23. Rde2 Rxe2 24. Rxe2 Qc6 25. Kh2 h5 26. h4 Re8 27. Rxe8+
Qxe8 28. g3 Qe1 29. Kg2 Kg7 30. b3 b6 31. Bd3 f5 32. Qe2 Qxe2 1/2-1/2

[Event "La Pobla de Lillet op 2006"]
[Site "La Pobla de Lillet ESP"]
[Date "2006.08.06"]
[Round "5.2"]
[White "Cicak, Slavko"]
[Black "Velicka, Petr"]
[Result "1-0"]
[WhiteElo "2532"]
[BlackElo "2475"]
[PlyCount "105"]
[EventDate "2006.08.02"]
[EventType "swiss"]
[EventRounds "9"]
[EventCountry "ESP"]
[SourceTitle "Ajedrez en Madri"]
[Source "lmi"]
[SourceDate "2020.06.30"]
[SourceVersion "1"]
[SourceVersionDate "2020.06.30"]
[SourceQuality "1"]

1. e4 c6 2. c4 d5 3. cxd5 cxd5 4. exd5 Nf6 5. Qa4+ Nbd7 6. Nc3 a6 7. Nf3 g6 8.
Ng5 Qc7 9. d4 Bg7 10. Ne6 fxe6 11. dxe6 O-O 12. exd7 Bxd7 13. Qc4+ Qxc4 14.
Bxc4+ Kh8 15. O-O b5 16. Bb3 b4 17. Na4 Bb5 18. Re1 Ng4 19. Be3 Nxe3 20. fxe3
Bxa4 21. Bxa4 Rac8 22. Rad1 Rc7 23. e4 Rd8 24. e5 e6 25. Bb3 Rcd7 26. Bxe6 Rxd4
27. Rxd4 Rxd4 28. Bc8 Bf8 29. Bxa6 Bc5 30. Kh1 Kg7 31. g3 Rd2 32. e6 Kf6 33.
Bc4 Ke7 34. Rf1 Rf2 35. Rxf2 Bxf2 36. a4 bxa3 37. bxa3 h5 38. Kg2 Be1 39. a4 g5
40. Kf3 h4 41. g4 h3 42. Ke4 Bg3 43. Kf5 Bxh2 44. Kxg5 Bc7 45. Kf5 Kd6 46. Bf1
h2 47. Bg2 Ke7 48. g5 Ba5 49. g6 Kf8 50. Ke5 Ke7 51. Kd5 Kf6 52. Kd6 Kxg6 53.
Kd7 1-0

[Event "La Pobla de Lillet op 2006"]
[Site "La Pobla de Lillet ESP"]
[Date "2006.08.06"]
[Round "5.3"]
[White "Movsziszian, Karen"]
[Black "Pogorelov, Ruslan"]
[Result "1/2-1/2"]
[WhiteElo "2507"]
[BlackElo "2395"]
[PlyCount "143"]
[EventDate "2006.08.02"]
[EventType "swiss"]
[EventRounds "9"]
[EventCountry "ESP"]
[SourceTitle "Ajedrez en Madri"]
[Source "lmi"]
[SourceDate "2020.06.30"]
[SourceVersion "1"]
[SourceVersionDate "2020.06.30"]
[SourceQuality "1"]

1. e4 e6 2. d3 d5 3. Nd2 c5 4. Ngf3 Nc6 5. g3 g6 6. Bg2 Bg7 7. O-O Nge7 8. Re1
b6 9. c3 O-O 10. e5 Qc7 11. Qe2 a5 12. Nf1 Ba6 13. h4 Kh8 14. Bf4 Qd7 15. Rad1
Rae8 16. N1h2 Ng8 17. Bh3 d4 18. c4 Bb7 19. Nd2 h6 20. Nhf3 Nce7 21. Ne4 Bxe4
22. Qxe4 b5 23. Nd2 bxc4 24. Nxc4 a4 25. Rc1 Rb8 26. Bd2 Nd5 27. h5 Nge7 28. f4
Nb6 29. Nd6 Nbc8 30. Nc4 Nb6 31. Na5 Nbd5 32. Rc2 gxh5 33. a3 Nf5 34. Bxf5 exf5
35. Qh1 Ne3 36. Bxe3 dxe3 37. Rxe3 Qd4 38. Nc4 Rb3 39. Rd2 Rfb8 40. Kf2 Rxb2
41. Nxb2 Rxb2 42. Qc1 Rxd2+ 43. Qxd2 h4 44. Kg2 c4 45. Rf3 c3 46. Qf2 Qd5 47.
gxh4 Bf8 48. d4 Bxa3 49. Qc2 Bb2 50. Qxa4 Qe4 51. Qe8+ Kg7 52. e6 fxe6 53. Qe7+
Kh8 54. Qf8+ Kh7 55. Qf7+ Kh8 56. Qf6+ Kh7 57. Qe7+ Kh8 58. Qd8+ Kh7 59. Kf2
Qc2+ 60. Kg3 Qe4 61. Rf2 Qe3+ 62. Kg2 Bc1 63. Qc7+ Kg6 64. h5+ Kxh5 65. Qf7+
Kh4 66. Qf6+ Kh5 67. Qf7+ Kh4 68. Qf6+ Kh5 69. Rf3 Qe2+ 70. Kg3 Qe1+ 71. Kg2
Qe2+ 72. Kg3 1/2-1/2

[Event "La Pobla de Lillet op 2006"]
[Site "La Pobla de Lillet ESP"]
[Date "2006.08.06"]
[Round "5.5"]
[White "Ayza Leon, David"]
[Black "Parligras, Mircea"]
[Result "0-1"]
[WhiteElo "2146"]
[BlackElo "2510"]
[PlyCount "122"]
[EventDate "2006.08.02"]
[EventType "swiss"]
[EventRounds "9"]
[EventCountry "ESP"]
[SourceTitle "Ajedrez en Madri"]
[Source "lmi"]
[SourceDate "2020.06.30"]
[SourceVersion "1"]
[SourceVersionDate "2020.06.30"]
[SourceQuality "1"]

1. e4 c5 2. Nf3 d6 3. d4 cxd4 4. Nxd4 Nf6 5. Nc3 a6 6. Bg5 e6 7. f4 Qc7 8. Qf3
b5 9. Bd3 b4 10. Nce2 Nbd7 11. O-O Bb7 12. Kh1 Be7 13. c3 bxc3 14. Nxc3 h6 15.
Bxf6 Bxf6 16. Nde2 Nc5 17. Bc2 h5 18. Rac1 Qb6 19. Na4 Nxa4 20. Bxa4+ Ke7 21.
f5 exf5 22. Qxf5 Bc8 23. Nf4 Bxf5 24. Nd5+ Ke6 25. Bd7+ Kxd7 26. Nxb6+ Kd8 27.
Nxa8 Bxe4 28. Nb6 Bb7 29. Rfd1 Be7 30. Rc3 Rh6 31. a4 Re6 32. Rdc1 Bg5 33. Rc8+
Ke7 34. R8c7+ Ke8 35. Rf1 Re7 36. Rxe7+ Kxe7 37. b4 g6 38. b5 axb5 39. axb5 Be4
40. h4 Bh6 41. Rd1 Ke6 42. Nc8 Bf4 43. b6 Kd7 44. Na7 f5 45. Rd4 Be3 46. Rb4
Bb7 47. Nb5 Kc6 48. Na7+ Kc5 49. Rb3 Bf2 50. Rb5+ Kc4 51. Rb2 Bc5 52. Nb5 d5
53. Nc7 Be3 54. Nb5 Kc5 55. Nc7 Kc6 56. Ne6 Kd7 57. Nf8+ Kd6 58. Nxg6 d4 59.
Rb3 f4 60. Nh8 Ke6 61. Ng6 Kd5 0-1